| 000 | 00350nam a2200097Ia 4500 | ||
|---|---|---|---|
| 008 | 220204s9999 xx 000 0 und d | ||
| 100 | _aKumaran, M.G | ||
| 245 | 0 | _aDevelopments in production, processing, quality control and effluent treatment of natural rubber in Indonesia, Malaysia and Thailand | |
| 260 |
_aKottayam _bRubber Board _c1997 |
||
| 942 | _cBK | ||
| 999 |
_c43996 _d43996 |
||